Profilovanie autora textov na internete

Na minha lista:
Detalhes bibliográficos
Autor principal: Vrtal, Tomáš (Author)
Outros Autores: Petrík, Juraj (Thesis advisor)
Formato: Manuscrito Livro
Idioma:eslovaco
Publicado em: 2021
Assuntos:
Acesso em linha:http://is.stuba.sk/zp/portal_zp.pl?podrobnosti=158993
Tags: Adicionar Tag
Sem tags, seja o primeiro a adicionar uma tag!

MARC

LEADER 00000ntm a22000003a 4500
001 stuzp85703
003 SK-STU
005 20210619212107.7
007 ta
008 150427s2015----xo-----f-mn---000-0-slo-d
040 |a STU  |b slo 
041 0 |a slo 
100 1 |a Vrtal, Tomáš  |u 070200  |4 aut  |U FIIT Fakulta informatiky a informačných technológií  |T FIIT Ústav informatiky, informačných systémov a softvérového inžinierstva  |X 74363  |U I200  |Y 179  |7 74363 
242 0 1 |a Authorship profiling of internet texts  |y eng 
245 1 0 |a Profilovanie autora textov na internete 
260 |c 2021 
650 4 |a stylometria  |2 slo 
650 4 |a profilovanie autora  |2 slo 
650 4 |a štyl písania  |2 slo 
650 4 |a stylometry  |2 eng 
650 4 |a authorship profiling  |2 eng 
650 4 |a writing style  |2 eng 
700 1 |a Petrík, Juraj  |u 070200  |k Z8  |4 ths  |U FIIT Fakulta informatiky a informačných technológií  |T FIIT Ústav informatiky, informačných systémov a softvérového inžinierstva  |X 5731  |U I200  |Y 179  |7 A000005731 
856 4 |u http://is.stuba.sk/zp/portal_zp.pl?podrobnosti=158993